Statistics for 2019 Cricket World Cup Final - Starting XIs

Click here to take the quiz!

General Stats

  • This quiz has been taken 734 times
  • The average score is 16 of 22

Answer Stats

HintAnswer% Correct
EnglandBen Stokes
94%
EnglandJoe Root
93%
EnglandJos Buttler
91%
New ZealandKane Williamson
91%
EnglandJonny Bairstow
89%
EnglandJofra Archer
88%
New ZealandTrent Boult
88%
EnglandJason Roy
87%
EnglandEoin Morgan
83%
EnglandAdil Rashid
81%
New ZealandMartin Guptill
80%
EnglandMark Wood
77%
EnglandChris Woakes
72%
New ZealandRoss Taylor
66%
New ZealandJames Neesham
63%
EnglandLiam Plunkett
63%
New ZealandMitchell Santner
60%
New ZealandTom Latham
59%
New ZealandMatt Henry
55%
New ZealandLockie Ferguson
52%
New ZealandColin De Grandhomme
48%
New ZealandHenry Nicholls
47%

Score Distribution

Percentile by Number Answered

Percent of People with Each Score

Your Score History

You have not taken this quiz